November 2024 RICS/Ci Portuguese Housing Market Survey (Record no. 122110)

MARC details
000 -LEADER
fixed length control field 02076nam a22002297a 4500
008 - FIXED-LENGTH DATA ELEMENTS--GENERAL INFORMATION
fixed length control field 250303e20250107po |||||o|||| 00| 0 eng d
041 ## - LANGUAGE CODE
Language code of text/sound track or separate title eng
110 ## - MAIN ENTRY--CORPORATE NAME
Corporate author Royal Institution of Chartered Surveyors
245 ## - TITLE STATEMENT
Title November 2024 RICS/Ci Portuguese Housing Market Survey
Medium [Electronic resource]
260 ## - PUBLICATION INFORMATION
Publisher Royal Institution of Chartered Surveyors & Confidencial Imobilario
Date 7 January 2025
300 ## - PHYSICAL DESCRIPTION
Physical description 5p
490 ## - SERIES TITLE
Series statement Portuguese Housing Market Survey
520 ## - ABSTRACT
Abstract RICS, in partnership with Confidencial Imobiliario, produces the Portuguese Housing Market Survey, a sentiment survey that collects and analyses the opinions of professionals in agency and development about the prices, availability and demand of residential property in three areas of the country: Greater Lisbon, Greater Oporto and the Algarve. <br/><br/>The November 2024 edition of the RICS/Ci PHMS returned <br/>results that are somewhat flatter than those seen previously, with <br/>most metrics pointing to a slight dip in momentum. This is evident <br/>across both the sales and lettings market.<br/>New buyer enquiries have slipped into neutral territory, with the <br/>net balance falling to -2% from last month’s +5%. Alongside this, <br/>the net balance for new instructions also fell slightly from -15% <br/>to -16%, thereby continuing the trend of firmly negative readings <br/>seen over many months. A regional breakdown of this figure <br/>reveals that, despite some easing in negativity across Porto <br/>(with the net balance moving from -35% to -11%), the lack of new <br/>properties coming to market appears to have worsened over the <br/>last month in both Lisbon (-7% to -14%) and the Algarve (-11% to <br/>-33%).<br/>
650 ## - KEYWORDS
Keywords HOUSING MARKET
650 ## - KEYWORDS
Keywords RESIDENTIAL PROPERTY
651 ## - SUBJECT ADDED ENTRY--GEOGRAPHIC NAME
Geographic name Portugal
690 ## - BROAD SUBJECT
Broad subject Residential property
9 (RLIN) 6266
710 ## - ADDED CORPORATE NAME
Added corporate author Royal Institution of Chartered Surveyors
710 ## - ADDED CORPORATE NAME
Added corporate author Confidencial Imobiliário
856 ## - ONLINE RESOURCE
Uniform Resource Identifier <a href="https://www.rics.org/content/dam/ricsglobal/documents/market-surveys/Portuguese-housing-market-survey-November-2024.pdf">https://www.rics.org/content/dam/ricsglobal/documents/market-surveys/Portuguese-housing-market-survey-November-2024.pdf</a>
Public note Available on RICS.org
942 ## - ADDED ENTRY ELEMENTS (KOHA)
Suppress in OPAC Do not suppress in OPAC
Holdings
Lost status Damaged status Not for loan Current library Shelving location Date acquired Total Checkouts Full call number Date last seen Price effective from Koha item type
      Virtual Online 03/03/2025   PROPERTY MARKET DATA 03/03/2025 03/03/2025 Online material